| 000 | 00382nam a2200145Ia 4500 | ||
|---|---|---|---|
| 008 | 150201s2005 xx 000 0 und d | ||
| 082 |
_a617.64 _bC2005D |
||
| 100 | _aDECLAN , MILLETT | ||
| 245 | _aCLINICAL PROBLEM SOLVING IN ORTHODONTICS & PEDIATRIC DENTISTRY | ||
| 250 | _a1ST | ||
| 260 |
_bELSEVIER _aDELHI _c2005 |
||
| 300 | _a1-194 | ||
| 650 | _aORTHODONTICS | ||
| 942 |
_2ddc _cBK |
||
| 999 |
_c3364 _d3364 |
||